| 000 | 00395nam a22001337a 4500 | ||
|---|---|---|---|
| 020 | _a978-1492056355 | ||
| 082 |
_a005.133 _bRAM |
||
| 100 |
_aRamalho, Luciano _9125538 |
||
| 245 |
_aFluent Python: _bClear, Concise, and Effective Programming / _cLuciano Ramalho |
||
| 250 | _a2nd Ed. | ||
| 260 |
_aUSA : _bO'REILLY , _c2022. |
||
| 300 |
_axxviii, 810p. ; _bHardbinding , _c27cm. |
||
| 942 |
_2ddc _cBK |
||
| 999 |
_c611282 _d611282 |
||